A instrumentalina /

Na minha lista:
Detalhes bibliográficos
Autor principal: Jorge, Lídia (autor)
Formato: Livro
Idioma:português
Publicado em: Lisboa, Portugal : Dom Quixote, 2015, c1992
Edição:3a edición
Assuntos:
Tags: Adicionar Tag
Sem tags, seja o primeiro a adicionar uma tag!

MARC

LEADER 00000nam^a2200000^a^4500
001 000410886
005 20250521000000.0
009 20260310122058.595
037 |a Acervo ITESO - Biblioteca 
041 |a POR 
082 |a 869.  |b JOR 
100 |a Jorge, Lídia  |e (autor) 
240 1 4 |a [La instrumentalina] 
245 1 2 |a A instrumentalina /  |c L. Jorge. 
250 |a 3a edición  |b revisada 
264 4 |a Lisboa, Portugal :  |b Dom Quixote,  |c 2015, c1992 
300 |a 46 p. 
336 |a texto  |b txt  |2 rdacontenido 
337 |a sin mediación  |b n  |2 rdamedio 
338 |a volumen  |b nc  |2 rdasoporte 
521 |a FIL 2018 DIA 
545 0 |a Lidia Jorge (Boliqueime, 1946), escritora portuguesa. Formada en Filología Románica, ejerció como profesora en Angola y Mozambique en el contexto de las luchas independentistas de la Guerra colonial portuguesa (1961-74). Su escritura rememora parte de su experiencia vivida bajo el colonialismo en Africa y la dictadura en su propia patria (1926-74), así como situaciones de nostalgia y familia. Algunas de sus novelas más destacadas son O dia dos prodígios [Los días de los prodigios] (1980); Noticia de la ciudad silvestre (1984); La costa de los murmullos (1988), su primera creación difundida internacionalmente y adaptada al cine por la cineasta Margarida Cardoso (2004); El jardín sin límites (1995); El valle de la pasión/El fugitivo que dibujaba pájaros (1998); O vento assobiando nas gruas [El viento silba sobre las grúas] (2002), Gran Premio de Novela de la Asociación Portuguesa de Escritores; Combateremos a sombra [Lucharemos contra la sombra] (2007), premio Charles Brisset, de la Asociación Francesa de Psiquiatría (2008); Los memorables (2014) y Estuario (2018). La instrumentalina (1992) y Los tiempos del esplendor (2016) forman parte de sus libros de cuentos. Ha sido galardonada por el conjunto de su obra con los premios Luso-Español de Arte y Cultura (2014), Vergílio Ferreira (2015), Literatura dst (2019) y FIL de Literatura en Lenguas Romances (2020), entre otros reconocimientos. 
586 |a Premio Vergílio Ferreira 2015 
586 |a Premio FIL de Literatura en Lenguas Romances 2020 
649 |a XX 
650 |a Cuentos Portugueses 
650 |a Literatura Portuguesa -  |y Siglo XX 
650 |a Literatura de Mujeres -  |z Portugal 
910 |a Fondo General 
920 |a Impresos - Libros 
930 |a Colección General 
940 |a Literatura 
905 |a 101 
901 |a 0500311469  |b IT1  |c LIT  |i C164133  |u 20250521 
902 |a https://opac.biblio.iteso.mx/vufind/Record/000410886